| 000 | 00473nam a2200205Ia 4500 | ||
|---|---|---|---|
| 003 | 0100 | ||
| 008 | 130307s9999 xx 000 0 und d | ||
| 040 | _cARRUPELIB | ||
| 050 | _aU21.C83 1995 | ||
| 100 | _aCowan, I.J | ||
| 245 | _aConflict and morality | ||
| 245 | _ba study of human behaviour and attitudes | ||
| 260 | _aDublin | ||
| 260 | _bP.A.I. publishing | ||
| 260 | _c1995 | ||
| 300 | _a197p. | ||
| 300 | _b22cm | ||
| 650 | _bGlobalization | ||
| 942 | 0 | 0 | _01 |
| 999 |
_c101507 _d101507 |
||